000 00645nam a2200181 4500
008 160204b xxu||||| |||| 00| 0 eng d
020 _a9781285429717
082 _22015
_aDK12 629.2
_bP595
100 _92438
_aPickerill, Ken.
245 _aClassroom manual:
_bfor automotive brake systems /
_cKen Pickerill.
250 _a6th edition.
260 _aAustralia :
_bCengage Learning,
_cc2015.
300 _axvi, 283 pages :
_bcolored illustration ;
_c28 cm.
500 _aIncludes glossary and index.
650 0 _92439
_aAutomobiles
_xBrakes
_xMaintenance and repair
_vHandbooks, manuals, etc.
650 0 _92442
_aAutomobiles
_xBrakes
942 _2ddc
_cBK
999 _c934
_d934